| 000 | 00767nam a2200205Ia 4500 | ||
|---|---|---|---|
| 003 | LDD | ||
| 008 | 190117s9999 xx 000 0 und d | ||
| 020 |
_a9788126706723 _c₹600 |
||
| 040 | _cLDD | ||
| 041 | _ahi | ||
| 082 | _a8H3.7 र2601आ-16 | ||
| 100 | _aरज़ा, राही मासूम | ||
| 245 | 0 |
_aआधा गाँव _cराही मासूम रज़ा |
|
| 250 | _aसोलहवाँ संस्करण | ||
| 260 |
_aनई दिल्ली _bाजकमल प्रकाशन 2 _c2014 |
||
| 300 | _a344p. | ||
| 901 | _aGP | ||
| 904 | _aReqst by : Jitendra Kumar Srivastav | ||
| 942 |
_2ddc _cH |
||
| 999 |
_c167995 _d167995 |
||